| 000 | 00840cam a2200241 4500 | ||
|---|---|---|---|
| 001 | ABS62525 | ||
| 008 | 000000n2000 000 0 eng u | ||
| 035 | _a(Sirsi) u106677 | ||
| 100 | _aCheffings, N. | ||
| 245 | _aPlanning for the worst | ||
| 260 | _c2000 | ||
| 490 |
_aEstates Gazette _v(0022) 3 June 2000, 129-131(3) |
||
| 520 | _aJudicial reviews and planning appeals are on the increase. The article reminds that challenges to planning decisions must be made within six weeks. Examines recent case law . | ||
| 590 | _aABS | ||
| 650 | _aPLANNING APPEALS | ||
| 650 | _aPLANNING DECISIONS | ||
| 650 | _aJUDICIAL REVIEW | ||
| 650 | _aTOWN AND COUNTRY PLANNING ACT 1990 S287 | ||
| 650 | _aTOWN AND COUNTRY PLANNING ACT 1990 S289 | ||
| 650 | _aPLANNING AUTHORITIES | ||
| 690 |
_aPlanning and development _96259 |
||
| 942 | _n0 | ||
| 999 |
_c63864 _d63864 |
||